[Event "Catalunya-ch"]
[Site "Barcelona"]
[Date "2007.04.03"]
[Round "3"]
[White "Arroyo Pascual, Artur"]
[Black "Ferrer Serrabasa, Jordi"]
[Result "0-1"]
[WhiteElo "1881"]
[BlackElo "2049"]
[PlyCount "98"]
[EventDate "2007.04.01"]
[EventType "swiss"]
[EventRounds "9"]
[EventCountry "ESP"]
[SourceTitle "CBM 117 Extra"]
[Source "ChessBase"]
[SourceDate "2007.05.09"]
[SourceVersion "1"]
[SourceVersionDate "2007.05.09"]
[SourceQuality "1"]

1. d4 Nf6 2. e3 g6 3. Nd2 Bg7 4. Bd3 d6 5. c3 Nbd7 6. f4 e5 7. Ngf3 0-0 8. fxe5 dxe5 9. 0-0 Re8 10. Qc2 c6 11. Ng5 Nf8 12. Nde4 Ne6 13. Nxf7 Nxd4 14. Nxf6+ Bxf6 15. Nh6+ Kg7 16. exd4 exd4 17. Bd2 Be6 18. c4 Bg5 19. Qc1 Kxh6 20. h4 Bxd2 21. Qxd2+ Kg7 22. Qf4 Qe7 23. Qxd4+ Kg8 24. Rae1 Rad8 25. Qe4 Qc5+ 26. Qe3 Qxe3+ 27. Rxe3 Rxd3 28. Rxd3 Bxc4 29. Ra3 Bxf1 30. Kxf1 a6 31. Rc3 Kf7 32. Kf2 Re6 33. g4 Re4 34. Kf3 Rb4 35. b3 h5 36. gxh5 gxh5 37. Kg3 Rg4+ 38. Kh3 Rd4 39. Rc5 Rd3+ 40. Kg2 Rd5 41. Rc2 Ke6 42. Kg3 Rf5 43. Re2+ Kd6 44. Re8 c5 45. Rg8 Kc6 46. Rg5 Rd5 47. Rxd5 Kxd5 48. Kf4 b5 49. Kg5 c4 0-1

[Event "Manresa op"]
[Site "Manresa"]
[Date "2004.08.27"]
[Round "8"]
[White "Fernandez Madrid, Carlos"]
[Black "Ferrer Serrabasa, Jordi"]
[Result "1-0"]
[WhiteElo "2178"]
[BlackElo "1859"]
[PlyCount "55"]
[EventDate "2004.08.21"]
[EventType "swiss"]
[EventRounds "9"]
[EventCountry "ESP"]
[SourceTitle "CBM 102 Extra"]
[Source "ChessBase"]
[SourceDate "2004.11.03"]
[SourceVersion "1"]
[SourceVersionDate "2004.11.03"]
[SourceQuality "1"]

1. c4 Nf6 2. g3 g6 3. Bg2 Bg7 4. Nc3 0-0 5. d3 c6 6. e4 d6 7. Nge2 e5 8. 0-0 Nbd7 9. h3 Ne8 10. Be3 h6 11. Rb1 f5 12. f4 Ndf6 13. c5 Nh5 14. Qb3+ Kh7 15. exf5 gxf5 16. cxd6 Qxd6 17. fxe5 Bxe5 18. g4 Nhg7 19. d4 Bf6 20. Qc2 Bg5 21. Bxg5 hxg5 22. gxf5 Bxf5 23. Be4 Bxe4 24. Nxe4 Rxf1+ 25. Rxf1 Qg6 26. Rf8 Nc7 27. Rf6 Qh5 28. N4g3+ 1-0